<?xml version="1.0" encoding="UTF-8"?>
<collection xmlns="http://www.loc.gov/MARC21/slim">
<record>
  <controlfield tag="001">2374</controlfield>
  <controlfield tag="005">20160701171704.0</controlfield>
  <datafield tag="037" ind1=" " ind2=" ">
    <subfield code="a">ASTROimport-531</subfield>
  </datafield>
  <datafield tag="100" ind1=" " ind2=" ">
    <subfield code="a">Halbwachs, J.-L.</subfield>
  </datafield>
  <datafield tag="260" ind1=" " ind2=" ">
    <subfield code="c">1997</subfield>
  </datafield>
  <datafield tag="245" ind1=" " ind2=" ">
    <subfield code="a">A Statistical Study of the Visual Double Stars in the TYCHO Catalogue</subfield>
  </datafield>
  <datafield tag="520" ind1=" " ind2=" ">
    <subfield code="a">The Tycho Catalogue contains reliable (B_T, V_T) photometry for double star components with separations above a limit of about 3 arcsec. These data are used to investigate the distribution of mass ratios of main sequence binaries. For that purpose, two other points are treated first: the correction of Tycho photometry for contamination by neighbour stars, and the derivation of the colour-magnitude diagram in the Tycho photometric system. It appears that the main sequence in the (V_(T abs), B_T - V_T) diagram derived from the Tycho double stars is nearly similar to that obtain from the calibrations selected by Schmidt-Kaler (1982). The distribution of mass ratios, as derived from the mass-luminosity relation, has a rough IMF-like shape with an exponent of about -2. </subfield>
  </datafield>
  <datafield tag="700" ind1=" " ind2=" ">
    <subfield code="a"> Piquard, S.</subfield>
  </datafield>
  <datafield tag="700" ind1=" " ind2=" ">
    <subfield code="a"> Virelizier, P.</subfield>
  </datafield>
  <datafield tag="700" ind1=" " ind2=" ">
    <subfield code="a"> Cuypers, J.</subfield>
  </datafield>
  <datafield tag="700" ind1=" " ind2=" ">
    <subfield code="a"> Lampens, P.</subfield>
  </datafield>
  <datafield tag="700" ind1=" " ind2=" ">
    <subfield code="a"> Oblak, E.</subfield>
  </datafield>
  <datafield tag="773" ind1=" " ind2=" ">
    <subfield code="p">Hipparcos - Venice '97</subfield>
    <subfield code="v">402</subfield>
    <subfield code="y">1997</subfield>
    <subfield code="c">263-268</subfield>
  </datafield>
  <datafield tag="856" ind1="4" ind2="2">
    <subfield code="a">http://esoads.eso.org/abs/1997ESASP.402..263H</subfield>
  </datafield>
  <datafield tag="905" ind1=" " ind2=" ">
    <subfield code="a">published in</subfield>
  </datafield>
  <datafield tag="980" ind1=" " ind2=" ">
    <subfield code="a">NONREF</subfield>
  </datafield>
</record>
</collection>